000 00871nam a22002897a 4500
001 BR8703282
003 BR-BrBNA
005 20230928092603.0
007 ta
008 230509b bl.||||| |||| 00| 0 por d
040 _aBR-BrBNA
_bpor
_cBiblioteca Nacional de Agricultura
041 _a(Por)
072 _aP32; P33
090 _ P32 BR8703282
110 1 _aFundacao Centro Estadual de Planejamento Agricola, Salvador, BA (Brasil)
_94810
245 1 _aZoneamento agricola do estado da Bahia. Aptidao pedoclimatica por cultura [Brasil]
260 3 _aSalvador, BA (Brasil):
_c1985.
300 _a45 p.
500 _a18 Maps, scale 1:2.200,000; Bibliography p. 49 (62 ref.)
650 _aCLIMA
650 _aRELEVO
650 _aFERTILIDADE DO SOLO
650 _aAPTIDAO AGRICOLA
650 _aBAHIA
909 _a202309
_bLucia
_c55
_dLucia Elande
942 _cBK
999 _c39994
_d39994